000
00312cam a22001217a 4500
008
180718b1959 xxu||||| |||| 00| 0 eng d
082
_a
L12 Sa19
100
_a
Sahota, G.S.
245
_a
Manual of capital budgeting
_c
by G.S. Sahota
260
_a
Delhi
_b
_c
1959
300
_a
x, 241p.
650
_a
Capital budgeting
999
_c
501817
_d
501817